000 02563cam a2200373 i 4500
999 _c28367
_d28338
001 20451648
003 EG-ScBUE
005 20200318125532.0
008 180414r20192016enka f bd 001 0 eng d
020 _a9781350144071
035 _a(OCoLC)ocn965119258
040 _aERD
_beng
_erda
_cERD
_dOCLCO
_dOCLCF
_dTJC
_dYDXCP
_dBDX
_dYDX
_dIVJ
_dTXI
_dBTCTA
_dOCLCQ
_dIUL
_dDLC
_dEG-ScBUE
082 0 4 _a791.450232
_bBRO
_222
100 1 _aBrown, Lucy
_c(Television producer),
_eauthor.
245 1 4 _aThe TV studio production handbook /
_cLucy Brown and Lyndsay Duthie.
246 3 _aTelevision studio production handbook
250 _aReprinted edition.
264 1 _aLondon ;
_aNew York :
_bBloomsbury Academic,
_c2019.
300 _ax, 230 pages :
_billustrations ;
_c22 cm
336 _atext
_btxt
_2rdacontent
337 _aunmediated
_bn
_2rdamedia
338 _avolume
_bnc
_2rdacarrier
500 _aIncludes glossary.
504 _aIncludes bibliographical references and index.
505 0 _aIntroduction -- The big idea -- Getting commissioned -- The studio environment -- Production management -- Talent shows -- Studio dramas: soaps and sitcoms -- Game and quiz shows -- News -- Food shows -- Children's TV -- Talk shows and magazine formats -- Reality TV shows -- It's a wrap!
520 _aThis book explains the production process from beginning to end and covers everything media students need to know to create a successful studio television programme. The book is packed with interviews from top TV executives from the UK, USA, Australia, and China and includes live case studies and scripts from hit international formats covering every genre. Spanning from reality, to drama, to news, with scripts from Britain's Got Talent, Big Brother, Coronation Street, The Chase, Teletubbies, Channel 4 News and more. The authors, both award-winning TV programme-makers and academic programme leaders, break things down genre by genre and explore pre-production, casting, scripting, as well as all the required paperwork, from call sheets to running orders. They also examine the future of studio and the multiplatform opportunities available for programme makers internationally.
650 7 _aTelevision
_xProduction and direction.
_2BUEsh
653 _bCOMAME
_cMarch2020
655 7 _aHandbooks and manuals.
_2fast
_0(OCoLC)fst01423877
_vText book
700 1 _aDuthie, Lyndsay,
_eauthor.
_918292
906 _a7
_bcbc
_ccopycat
_d2
_encip
_f20
_gy-gencatlg
942 _2ddc
_cTXT